00595nam a2200193Ia 4500003000900000008004100009020002200050040001600072080001500088245011500103260004500218300001600263650002000279650001000299650002300309650001300332700002700345700002900372IN-BaIIA211028s9999 xx 000 0 eng d a978-81-8487-169-2 cIIA Library a539.1bATO 0aAtomic and molecular physicsbintroduction to advanced topicscedited by Rajesh Srivastava and Rakesh Choubisa aNew DelhibNarosa Publishing Housec2012 aviii, 235p. aAtomic structur aAtoms aMolecular structur aMolecule aChoubisa, Rakesh., ed. aSrivastava, Rajesh., ed.